000 01121nam0a22003011 4500
001 v19\rc\1654425
005 20250619052603.0
035 _a(NLR Aleph) 004839767
090 _a4809494
_c4809494
100 _a20061002e18891885|||y0rusy50 ca
101 1 _arus
_cger
102 _aRU
105 _ay z |||||
200 1 _aВещество и сила
_f[Егер]
210 _a[Санкт-Петербург]
_cтип. Э. Гоппе
_dценз. 1889
215 _a8 с.
_d22
300 _aАвт. указан в конце текста
309 _aБез тит. л. и обл.
311 _aИз "Monatsblatt" проф. д-ра Г. Егера. 1885 г., № 1
488 0 _12001#$aMonatsblatt профессора доктора Г. Егера$v1885, № 1
_1702#1$aЕгер$bГ.$f1827-$gГустав$4570
_tMonatsblatt профессора доктора Г. Егера
700 1 _aИегер
_bГ.
_f1832-
_gГустав
790 1 _aЕгер
_f1832-
801 0 _aRU
_bNLR
_gpsbo
801 0 _aRU
_bRuMoRGB
_2psbo
801 1 _aRU
_bProSoft-M
_2rusmarc
852 _aNLR
_j18.275.1.78
942 _cBOOK
980 _aNB